000 00602nam a2200229Ia 4500
003 OSt
005 20220923230501.0
006 a|||||r|||| 00| 0
007 ta
008 Pun
024 _a282,456
037 _cTextual
040 _aARTS
_cARTS
_bPun
041 _2Pun
_aPun
082 _aO153,3NAA,CH, K9
100 _aਸਿੰਘ, ਅਵਤਾਰ
245 0 _aਚਿਖਾ
_b ਰੱਬ ਦੇ ਰੰਗ
260 _c1969
650 _aਪੰਜਾਬੀ ਸਾਹਿਤ
942 _hO153,3NAA,CH, K9
_cTEXL
_2CC
999 _c385169
_d385169